[Event "5th It"]
[Site "Ramat-Aviv ISR"]
[Date "2002.12.31"]
[Round "7"]
[White "Deutsch,E"]
[Black "Porat,S"]
[Result "1-0"]
[WhiteElo "2272"]
[BlackElo "2343"]

1.e4 c5 2.Nc3 Nc6 3.Bb5 Nd4 4.Bc4 Nf6 5.Nge2 a6 6.e5 d5 7.Bd3 Ng4 8.f4 Nc6
9.Ng3 g6 10.h3 Nh6 11.O-O Bg7 12.Be2 Be6 13.Na4 Qa5 14.c3 Bd7 15.b3 Nd8 16.Bf3 e6
17.Nb2 Nc6 18.c4 Ne7 19.cxd5 exd5 20.d4 O-O 21.Bd2 Qb5 22.dxc5 Qxc5+ 23.Rf2 Rfc8
24.Qe1 Nhf5 25.Nxf5 Nxf5 26.Bb4 Qb6 27.Ba5 Qc5 28.Bb4 Qa7 29.Bxd5 Ne3 30.Be4 Qd4
31.Nc4 Qxe4 32.Nxe3 Be6 33.Ng4 Qxe1+ 34.Rxe1 a5 35.Bd6 Rc3 36.Nf6+ Bxf6 37.exf6 Rac8
38.Be7 h5 39.Rd2 Rc2 40.Red1 Rxd2 41.Rxd2 Bf5 42.Rd4 Rc1+ 43.Kh2 Rc2 44.a3 Rb2
45.b4 axb4 46.Bxb4 Re2 47.Kg1 Re4 48.Rd8+ Kh7 49.Bf8 Rc4 50.Bg7 Rc8 51.Rd4 Rc3
52.Kh2 Rc2 53.Kg3 Be6 54.Bf8 Rc4 55.Rd2 Bf5 56.Bg7 Rc2 57.Rd8 Rc8 58.Rd4 Be6
59.Kh4 Rc4 60.Rd8 Rxf4+ 61.g4  1-0

[Event "38th Junior"]
[Site "Hallsberg SWE"]
[Date "2003.01.01"]
[Round "5"]
[White "Gajewski,G"]
[Black "Tikkanen,H"]
[Result "1/2-1/2"]
[WhiteElo "2436"]
[BlackElo "2313"]

1.e4 c5 2.Nc3 Nc6 3.Bb5 Nd4 4.Bc4 e6 5.Nf3 Nf6 6.O-O a6 7.Re1 b5 8.Bf1 Bb7
9.d3 Be7 10.Nxd4 cxd4 11.Ne2 Bc5 12.Ng3 d6 13.c3 a5 14.Qf3 Rc8 15.Nf5 O-O
16.Nh6+ Kh8 17.Bg5 b4 18.Ng4 dxc3 19.bxc3 bxc3 20.Nxf6 h6 21.Qh5 Bd4 22.Nh7 Qb6
23.Nxf8 Bxf2+ 24.Kh1 Bxe1 25.Rxe1 Kg8 26.Be3 Qc7 27.Nxe6 fxe6 28.Qg4 Qf7
29.d4 h5 30.Qf3 c2 31.Bd3 Qxf3 32.gxf3 Rc3 33.Bxc2 Rxc2 34.Rb1 Ba6 35.Rb6 Bf1
36.Kg1 Bh3 37.Rxd6 Rg2+ 38.Kf1 Rxh2+ 39.Ke1 Rxa2 40.Bf4 a4 41.Ra6 Bg2 42.Rxe6 Bxf3
43.Re7 Re2+ 44.Kf1 Rxe4 45.Be5 Rg4 46.Ra7 Bc6 47.Ra5 Kh7 48.Kf2 Rg5 49.Ra6 Rf5+
50.Kg3 Bd7 51.Ra7 Rf7 52.Kh4 Kh6 53.Ra6+ g6 54.Bf6 Bb5 55.Bg5+ Kg7 56.Ra5 Rf5
57.Ra7+ Kf8 58.Ra8+ Kf7 59.Ra7+ Kf8 60.Ra8+ Kf7 61.Ra7+ Ke6 62.Rg7 Kd5 63.Rxg6 a3
64.Rg7 Kc4 65.Ra7 Kb3 66.d5 a2 67.d6 Ba4 68.Rb7+ Kc4 69.Rc7+ Kb5 70.Rc1 Rd5
71.Kxh5 Bc2 72.d7 Bb1 73.d8=Q Rxd8 74.Bf6 Rg8 75.Ba1 Rg3 76.Kh4 Rb3 77.Rc7 Be4
78.Ra7 Rb1  1/2-1/2

[Event "38th Junior"]
[Site "Hallsberg SWE"]
[Date "2003.01.02"]
[Round "6"]
[White "Tan,Kev"]
[Black "Wallin,D"]
[Result "1-0"]
[WhiteElo "2222"]
[BlackElo "2111"]

1.e4 c5 2.Nf3 Nc6 3.Nc3 g6 4.d4 cxd4 5.Nxd4 Bg7 6.Be3 Nf6 7.Bc4 Qa5 8.O-O O-O
9.h3 d6 10.Bb3 Bd7 11.f4 Rac8 12.Nf3 b5 13.e5 Ne8 14.Ng5 e6 15.exd6 b4 16.Nce4 Bxb2
17.Rb1 Bg7 18.Nc5 Nf6 19.Qf3 Nb8 20.Nxd7 Nbxd7 21.Rbd1 Rc3 22.Qe2 h6 23.Nf3 Ne4
24.Kh2 Rc6 25.Bd4 Nc3 26.Bxc3 Bxc3 27.Bxe6 fxe6 28.Qxe6+ Rf7 29.Rd5 Qd8 30.Ne5 Nxe5
31.fxe5 Qd7 32.Qxf7+ Qxf7 33.Rxf7 Kxf7 34.d7  1-0

[Event "5th It"]
[Site "Ramat-Aviv ISR"]
[Date "2003.01.03"]
[Round "9"]
[White "Deutsch,E"]
[Black "Porat,I"]
[Result "1/2-1/2"]
[WhiteElo "2272"]
[BlackElo "2139"]

1.e4 c5 2.Nc3 Nc6 3.Nf3 Nf6 4.Bb5 Nd4 5.e5 Nxb5 6.Nxb5 Nd5 7.Ng5 f6 8.Ne4 a6
9.Nbc3 Nxc3 10.dxc3 d6 11.exd6 exd6 12.Qh5+ g6 13.Qd5 Qe7 14.O-O Be6 15.Qd1 d5
16.Ng3 Bg7 17.Re1 Kf7 18.Ne2 Rhe8 19.Nf4 Qd7 20.Be3 b6 21.Qd3 Bh6 22.Nxe6 Bxe3
23.Rxe3 Rxe6 24.Rxe6 Qxe6 25.Rd1 Re8 26.Kf1 Kg7 27.h3 a5 28.Qxd5 Qe2+ 29.Kg1 Qxc2
30.Rd2 Qb1+ 31.Kh2 Qe4 32.Qxe4 Rxe4 33.Kg3 Re6 34.Rd7+ Kh6 35.Rb7 g5 36.a3 Kg6  1/2-1/2

[Event "35th Open"]
[Site "Trinec CZE"]
[Date "2003.01.03"]
[Round "8"]
[White "Simacek,P"]
[Black "Michenka,J"]
[Result "1-0"]
[WhiteElo "2420"]
[BlackElo "2346"]

1.e4 c5 2.Nf3 Nc6 3.Nc3 g6 4.d4 cxd4 5.Nxd4 Bg7 6.Be3 Nf6 7.Bc4 O-O 8.Bb3 d6
9.f3 Bd7 10.Qd2 Rc8 11.O-O-O Ne5 12.h4 h5 13.Bg5 Nh7 14.Bh6 Nc4 15.Bxc4 Bxh6
16.Qxh6 Rxc4 17.g4 hxg4 18.e5 dxe5 19.Ne6 fxe6 20.Ne4 Rxe4 21.Qxg6+ Kh8 22.Qxe4 Qc7
23.Rhg1 Rf4 24.Qg6 Bc6 25.Rxg4 Rxg4 26.Qxg4 Qc8 27.Rg1 Qf8 28.Qxe6 Bxf3 29.Qxe5+ Nf6
30.Kb1 Be4 31.Re1 Qg7 32.a3 Qh7 33.Re2 a6 34.Rd2 Qf7 35.Rd7 Qh5 36.Rd8+ Kg7
37.Qxe7+ Qf7 38.Qe5 Kh6 39.Rd6 Kg7 40.Re6 Qg6 41.Qc7+ Kh6 42.Qf4+ Kg7 43.Rxf6  1-0

[Event "32nd Rilton Cup"]
[Site "Stockholm SWE"]
[Date "2003.01.04"]
[Round "8"]
[White "Gallagher,Jo"]
[Black "Kovalevskaya,E"]
[Result "0-1"]
[WhiteElo "2540"]
[BlackElo "2466"]

1.e4 c5 2.Nf3 Nc6 3.Nc3 d6 4.d4 cxd4 5.Nxd4 e5 6.Ndb5 a6 7.Na3 b5 8.Nd5 Nf6
9.c4 Nd4 10.cxb5 Nxd5 11.exd5 Bd7 12.Be3 Nxb5 13.Nc4 Be7 14.Bd3 O-O 15.O-O f5
16.f4 exf4 17.Bxf4 Kh8 18.Kh1 Nc7 19.Qf3 Bb5 20.Rae1 Bxc4 21.Bxc4 Bg5 22.Bxg5 Qxg5
23.Qe3 Qh4 24.Rf4 Qf6 25.Qb6 Rf7 26.Rff1 g5 27.Re6 Nxe6 28.dxe6 Rff8 29.Qxd6 f4
30.h3 Rad8 31.Qxa6 Qe5 32.Qb5 Qf6 33.Qb3 Rfe8 34.Re1 Re7 35.Qc3 Qxc3 36.bxc3 Rc8
37.Re4 Kg7 38.h4 h6 39.hxg5 hxg5 40.g3 fxg3 41.Kg2 Kf6 42.Re3 Rxc4  0-1

[Event "32nd Rilton Cup"]
[Site "Stockholm SWE"]
[Date "2003.01.04"]
[Round "8"]
[White "Hermansson,E"]
[Black "Nygren,K"]
[Result "1-0"]
[WhiteElo "2370"]
[BlackElo "2202"]

1.e4 c5 2.Nf3 Nc6 3.Nc3 e5 4.Bc4 Be7 5.d3 d6 6.Nd2 Bg5 7.h4 Bh6 8.Qh5 g6
9.Qd1 Nf6 10.h5 Bg4 11.f3 Bxh5 12.Bb5 Bf4 13.g4 Nxg4 14.fxg4 Qg5 15.Nd5 O-O-O
16.Nxf4 Qxf4 17.Nf1 Qxg4 18.Qxg4+ Bxg4 19.Bxc6 bxc6 20.Bg5 Rd7 21.Bf6 Re8
22.Rxh7 Re6 23.Bh4 f5 24.Rxd7 Kxd7 25.Ne3 Bh5 26.exf5 gxf5 27.Nxf5 e4 28.Ng3 Bg4
29.dxe4 Rh6 30.Bg5 Rh2 31.Rc1 Rg2 32.Nh1 Bf3 33.Be3 Ke6 34.Nf2 Ke5 35.Kd2 a5
36.Re1 d5 37.exd5 Kxd5 38.Kc3 c4 39.a4 c5 40.Nh3 Kc6 41.Nf4 Rh2 42.Bg1 Rh4
43.Re6+ Kd7 44.Rf6 Be4 45.Bxc5 Rh2 46.Rd6+ Kc7 47.Ne6+ Kc8 48.Nd4 Rg2 49.Ra6  1-0

[Event "38th Junior"]
[Site "Hallsberg SWE"]
[Date "2003.01.05"]
[Round "9"]
[White "Gajewski,G"]
[Black "Hovmoller,K"]
[Result "1/2-1/2"]
[WhiteElo "2436"]
[BlackElo "2287"]

1.e4 c5 2.Nc3 Nc6 3.Bb5 Nd4 4.Bc4 e6 5.Nf3 Nf6 6.O-O a6 7.Re1 b5 8.Bf1 Bb7
9.d3 d5 10.e5 Nxf3+ 11.Qxf3 Nd7 12.Qh3 g6 13.Bh6 Qe7 14.Nb1 Bxh6 15.Qxh6 Qf8
16.Qf4 b4 17.Nd2 Qe7 18.c3 a5 19.d4 O-O 20.Bb5 cxd4 21.cxd4 Nb6 22.Nf3 Kg7
23.Re3 Ba6 24.Bxa6 Rxa6 25.Rc1 Nc4 26.Re2 Raa8 27.h4 a4 28.b3 axb3 29.axb3 Na3
30.g4 Rac8 31.Rxc8 Rxc8 32.g5 Rc3 33.Re3 Rc1+ 34.Kg2 Kg8 35.Nh2 Nc2 36.Re2 Ne1+
37.Kg3 Rc3+ 38.Re3 Nc2 39.Rf3 Ne1 40.Re3 Nc2 41.Rf3  1/2-1/2

[Event "ch-NZL"]
[Site "Wanganui NZL"]
[Date "2003.01.08"]
[Round "9"]
[White "Mc Laren,L"]
[Black "Stuart,P"]
[Result "0-1"]
[WhiteElo "2274"]
[BlackElo "2215"]

1.e4 c5 2.Nc3 Nc6 3.Bb5 Nd4 4.Bc4 e6 5.Nf3 Nf6 6.O-O a6 7.a4 d5 8.exd5 exd5
9.Nxd5 Nxd5 10.Nxd4 cxd4 11.Qh5 Be6 12.Re1 Nf4 13.Qf3 Bd6 14.d3 Qf6 15.Bxf4 Bxf4
16.g3 Bd2 17.Qxb7 O-O 18.Re2 Bxc4 19.dxc4 Rab8 20.Qe4 Bb4 21.Rd1 Bc5 22.b3 Rb6
23.Qd5 Qc6 24.Qh5 g6 25.Qg5 Qf3 26.Rde1 Bb4 27.Re8 Bxe1 28.Rxf8+ Kxf8 29.Qd8+ Kg7
30.Qxd4+ Rf6  0-1

[Event "ch-Donetsk Region"]
[Site "Donetsk UKR"]
[Date "2003.01.11"]
[Round "4"]
[White "Shilin,D"]
[Black "Ivanov,O UKR"]
[Result "1-0"]
[WhiteElo "2400"]
[BlackElo "2474"]

1.e4 c5 2.Nc3 Nc6 3.Bb5 Nd4 4.a4 g6 5.Nf3 Bg7 6.Nxd4 cxd4 7.Ne2 a6 8.Bc4 e6
9.c3 Qc7 10.Bd3 dxc3 11.dxc3 Ne7 12.f4 d6 13.O-O O-O 14.Be3 Bd7 15.Qe1 f5
16.Qd1 fxe4 17.Bxe4 Nf5 18.Bf2 Bc6 19.Qd3 Bxe4 20.Qxe4 Rae8 21.Rad1 d5 22.Qd3 Qc6
23.b3 Qc7 24.g4 Nh6 25.h3 Nf7 26.Bd4 e5 27.fxe5 Nxe5 28.Qg3 Rxf1+ 29.Rxf1 Qd7
30.Nf4 Rf8 31.Qg2 Qf7 32.Bc5 Rd8 33.Bb6 Rd6 34.Bd4 Qd7 35.Bc5 Rc6 36.b4 b6
37.Bd4 Rd6 38.Qe2 Nc4 39.Bxg7 Kxg7 40.Qf3 Qe8 41.Rf2 Nd2 42.Qd1 Ne4 43.Qd4+ Kg8
44.Re2 Qc6 45.Nxd5 Qxd5 46.Qxd5+ Rxd5 47.Rxe4 Kf7 48.Rc4 Rd3 49.Rc6 Rxh3
50.Kg2 Rd3 51.Rxb6 Rxc3 52.Rxa6 Rc4 53.Rb6 Ke7 54.Kf3 Kd7 55.a5 Kc7 56.Rb5 Kd6
57.a6  1-0

[Event "TCh-BEL 2002-3"]
[Site "Belgium BEL"]
[Date "2003.01.12"]
[Round "6"]
[White "Kaufeld,J"]
[Black "Horvath,Ta1"]
[Result "1/2-1/2"]
[WhiteElo "2191"]
[BlackElo "2411"]

1.e4 c5 2.Nf3 Nc6 3.Nc3 e6 4.Bb5 Nge7 5.O-O Ng6 6.Bxc6 bxc6 7.d3 Be7 8.Re1 O-O
9.b3 d6 10.Ne2 e5 11.h3 f5 12.exf5 Bxf5 13.Ng3 Be6 14.c3 Qd7 15.Ng5 Bxg5
16.Bxg5 h6 17.Be3 Bxh3 18.Qh5 Nf4 19.Bxf4 Bg4 20.Qh2 Rxf4 21.f3 Be6 22.Nh5 Rf5
23.Rad1 Raf8 24.Ng3 Rf4 25.Ne2 R4f6 26.d4 exd4 27.cxd4 c4 28.bxc4 Bxc4 29.Nc3 Rg6
30.Re3 Rb8 31.Rd2 Qf5 32.Qh4 Re6 33.Rxe6 Qxe6 34.Qe4 Qxe4 35.Nxe4 d5 36.Nc5 Kf7
37.Kf2 Ke7 38.Ke3 a5 39.g4 Kd6 40.Kf4 Rf8+ 41.Kg3 Rb8 42.Kf4 a4 43.Nxa4 Rb4
44.Nc5 Bxa2 45.Ke3 Bc4  1/2-1/2

[Event "ch-Donetsk Region"]
[Site "Donetsk UKR"]
[Date "2003.01.14"]
[Round "7"]
[White "Shilin,D"]
[Black "Matjushin,G"]
[Result "0-1"]
[WhiteElo "2400"]
[BlackElo "2424"]

1.e4 c5 2.Nc3 Nc6 3.Bb5 Nd4 4.a4 e6 5.Nf3 Ne7 6.Nxd4 cxd4 7.Ne2 a6 8.Bc4 Nc6
9.c3 dxc3 10.dxc3 Be7 11.Bf4 d6 12.O-O O-O 13.Be3 Qc7 14.Ba2 Ne5 15.f4 Nc4
16.Bxc4 Qxc4 17.Ng3 Bd7 18.e5 Bc6 19.exd6 Rfd8 20.b3 Qxc3 21.Bd4 Qb4 22.Bxg7 Qxd6
23.Qxd6 Rxd6 24.Bc3 Rd3 25.Rac1 Rc8 26.b4 Bxa4 27.Ne4 f5 28.Bf6 Rxc1 29.Rxc1 Bxb4
30.Rc4 fxe4 31.Rxb4 e3 32.Rd4 Rb3 33.h3 Rb1+ 34.Kh2 e2 35.Bh4 Bc6  0-1

[Event "TCh-CZE 2002-3"]
[Site "Czech Rep CZE"]
[Date "2003.01.18"]
[Round "5"]
[White "Hracek,Z"]
[Black "Markos,J"]
[Result "1-0"]
[WhiteElo "2601"]
[BlackElo "2450"]

1.e4 c5 2.Nf3 Nc6 3.Nc3 Nf6 4.Bb5 e5 5.Bxc6 dxc6 6.Nxe5 Nxe4 7.Nxe4 Qd5 8.Qe2 Qxe5
9.f4 Qe7 10.f5 Qe5 11.O-O Be7 12.d3 O-O 13.f6 Bxf6 14.Rxf6 Bf5 15.Rxf5 Qxf5
16.Qf2 Qg4 17.Bf4 b6 18.b3 Rfe8 19.Qg3 Qxg3 20.Bxg3 f5 21.Nd6 Re2 22.Rc1 Rf8
23.Bf4 Re6 24.h4 Rd8 25.Nc4 Rd4 26.g3 Re2 27.Ne5 Rd6 28.Kf1 Rh2 29.Kg1 Re2
30.Kf1 Rh2 31.Nf3 Rh1+ 32.Ng1 Rg6 33.Re1 Rh2 34.Re2 Rxe2 35.Kxe2 Kf7 36.Nf3 Re6+
37.Kd2 Kg6 38.a4 h6 39.Bb8 a6 40.Ne5+ Kh5 41.Nc4 b5 42.Ne3 g6 43.a5 Rf6 44.Be5 Re6
45.Bc7 Rf6 46.Ke2 g5 47.hxg5 hxg5 48.Kf3 Kg6 49.Bb6 f4 50.gxf4 Rxf4+ 51.Kg3 c4
52.bxc4 bxc4 53.Nxc4 Kf5 54.Nd6+ Kg6 55.Ne4 Rf1 56.Nc5 Rc1 57.Nxa6 Rxc2 58.Nc7  1-0

[Event "Tch-SWE 2002-3"]
[Site "Sweden SWE"]
[Date "2003.01.18"]
[Round "6"]
[White "Gdanski,J"]
[Black "Johansson,Mi1"]
[Result "1-0"]
[WhiteElo "2506"]
[BlackElo "2275"]

1.e4 c5 2.Nc3 Nc6 3.Bb5 Na5 4.Nf3 a6 5.Bd3 d6 6.e5 dxe5 7.Nxe5 Nf6 8.O-O e6
9.b3 Bd6 10.Ng4 Be7 11.Bb2 O-O 12.Nxf6+ Bxf6 13.Qh5 g6 14.Qxc5 Bd4 15.Qa3 b5
16.b4 Nc4 17.Bxc4 bxc4 18.Ne4 Bb7 19.Bxd4 Qxd4 20.Nc5 Bc6 21.Rfd1 a5 22.b5 Bxb5
23.Qe3 Rfd8 24.Ne4 Bc6 25.Nc3 Rab8 26.h3 Rb2 27.Rac1 e5 28.Qg5 Kg7 29.Ne2 Qd5
30.Nc3 Qd4 31.Ne2 Qd6 32.d4 f6 33.Qe3 Qd5 34.Qg3 Re8 35.Nc3 Qf7 36.d5 Ba8
37.Qg4 e4 38.Qe2 Qc7 39.Rd4 e3 40.fxe3 Qe5 41.Re4 Qxc3 42.Rxe8 Bxd5 43.Re7+ Kh6
44.Qg4 g5 45.h4 Bf7 46.hxg5+ fxg5 47.Rxf7 Qxe3+ 48.Kh2  1-0

[Event "TSGM Jan"]
[Site "Novi Sad YUG"]
[Date "2003.01.20"]
[Round "3"]
[White "Feletar,D"]
[Black "Pap,M"]
[Result "1/2-1/2"]
[WhiteElo "2434"]
[BlackElo "2407"]

1.Nf3 c5 2.e4 Nc6 3.Nc3 e5 4.Bc4 d6 5.d3 Be7 6.Nd2 Nf6 7.Nf1 a6 8.a3 Bg4
9.f3 Be6 10.Ne3 Nh5 11.Ned5 O-O 12.O-O Bg5 13.Rf2 b5 14.Ba2 Ra7 15.Bxg5 Qxg5
16.Qd2 Qxd2 17.Rxd2  1/2-1/2

[Event "Kaissa Open"]
[Site "Kharkov UKR"]
[Date "2003.01.21"]
[Round "1"]
[White "Onoprienko,V"]
[Black "Gavrish,L"]
[Result "1-0"]
[WhiteElo "2418"]
[BlackElo "2092"]

1.e4 c5 2.Nc3 Nc6 3.Nf3 g6 4.d4 cxd4 5.Nxd4 Bg7 6.Nb3 Bxc3+ 7.bxc3 Nf6 8.Bd3 d5
9.exd5 Qxd5 10.O-O O-O 11.c4 Qd6 12.h3 Rd8 13.Qe2 a5 14.a4 Nb4 15.Bb2 Nxd3
16.cxd3 Be6 17.Nd4 Bd7 18.Rfe1 Re8 19.Nb5 Bxb5 20.axb5 b6 21.Be5 Qd7 22.Qe3 Qb7
23.Qh6 Red8 24.Re3 Ne8 25.Rae1 Rd7 26.Bb2 Rad8 27.Ba3 Ng7 28.Bxe7 Nf5 29.Bxd8 Nxe3
30.Rxe3 Rxd8 31.Qg5 Qb8 32.Qf6 Rd6 33.Re8+ Qxe8 34.Qxd6 Qe1+ 35.Kh2 a4 36.c5 Qb4
37.Qb8+ Kg7 38.Qe5+ f6 39.Qc7+ Kh6 40.cxb6 a3 41.b7 a2 42.b8=Q a1=Q 43.Qf4+ Qxf4+
44.Qxf4+ g5 45.Qc7 Qd4 46.b6  1-0

[Event "GMB"]
[Site "Wijk aan Zee NED"]
[Date "2003.01.21"]
[Round "9"]
[White "Stellwagen,D"]
[Black "Cmilyte,V"]
[Result "0-1"]
[WhiteElo "2427"]
[BlackElo "2452"]

1.e4 c5 2.Nf3 Nc6 3.Nc3 e5 4.Bc4 d6 5.d3 Be7 6.O-O Nf6 7.Ng5 O-O 8.f4 exf4
9.Bxf4 h6 10.Nf3 a6 11.Qd2 b5 12.Bd5 Nxd5 13.exd5 Nd4 14.Nxd4 cxd4 15.Ne2 Bf6
16.Ng3 Ra7 17.Qf2 Be5 18.c4 f5 19.Rae1 Re7 20.Ne2 Rfe8 21.Bd2 Qb6 22.b3 bxc4
23.dxc4 g5 24.Bc3 Bg7 25.Nc1 f4 26.Rxe7 Rxe7 27.Bd2 Bg4 28.h3 Bh5 29.Kh1 a5
30.Re1 Re3 31.Bxe3 dxe3 32.Qf1 Qd4 33.Ne2 Qd2 34.Ng1 Qxa2 35.Nf3 Bc3 36.Qe2 Qxe2
37.Rxe2 Bg6 38.Ra2 Bb1 39.Ra3 e2  0-1

[Event "Open"]
[Site "Auckland AUS"]
[Date "2003.01.27"]
[Round "3"]
[White "Kulashko,A"]
[Black "Zakaria,F"]
[Result "1/2-1/2"]
[WhiteElo "2387"]
[BlackElo "2167"]

1.e4 c5 2.Nf3 Nc6 3.Nc3 Nf6 4.d4 cxd4 5.Nxd4 e5 6.Ndb5 d6 7.Bg5 a6 8.Na3 b5
9.Bxf6 gxf6 10.Nd5 Bg7 11.Bd3 Ne7 12.c4 Nxd5 13.cxd5 f5 14.exf5 Qg5 15.Qf3 h5
16.Nc2 Qf4 17.Qxf4 exf4 18.O-O-O Bf6 19.Rhe1+ Kf8 20.Be4 Bd7 21.Nb4 Kg7 22.g3 Bg5
23.Kc2 Kf6 24.Nc6 Rhe8 25.Kb3 Bxf5 26.Bxf5 Kxf5 27.Nd4+ Kf6 28.f3 fxg3 29.hxg3 Be3
30.Rf1 Rac8 31.Nc6 Bc5 32.Rd3 Re2 33.Rh1 Rh8 34.Rh4 Rg2 35.Rf4+ Kg7 36.Ne7 a5
37.Nf5+ Kh7 38.Nh4 Rxg3 39.Rxf7+ Rg7 40.Rf6 Rc8 41.a3 a4+ 42.Ka2 Rg1 43.Nf5 Re8
44.Re6 Rxe6 45.dxe6 Re1 46.Nxd6 Rxe6 47.Nxb5 h4 48.f4 Re3 49.Rd5 Be7 50.Nc3 Kg6
51.Nxa4 h3 52.Rd2 Kf5 53.Nc3 Bh4 54.a4 Be1 55.Rd5+ Kxf4 56.Rh5 Bxc3  1/2-1/2

[Event "Jose Marti Memorial"]
[Site "Las Tunas CUB"]
[Date "2003.01.27"]
[Round "3"]
[White "Gongora,L"]
[Black "Rosabal,Y"]
[Result "1-0"]
[WhiteElo "2257"]
[BlackElo "2339"]

1.e4 c5 2.Nc3 Nc6 3.Bb5 g6 4.Bxc6 dxc6 5.d3 e5 6.f4 exf4 7.Bxf4 Bh6 8.Qf3 Be6
9.Nge2 Qh4+ 10.g3 Qe7 11.Rf1 O-O-O 12.O-O-O f5 13.Kb1 Bg7 14.exf5 gxf5 15.Rfe1 Nf6
16.Be5 Qf7 17.Nf4 Bd7 18.Bd6 Bf8 19.Be5 Rg8 20.h3 Ne8 21.d4 Nc7 22.dxc5 Bxc5
23.Nd3 Bb6 24.Na4 Be6 25.Nxb6+ axb6 26.b3 Bd5 27.Qf2 Qg6 28.Qxb6 Qf7 29.Nc5 Ne6
30.Nxe6 Bxe6 31.Qa7 Rxd1+ 32.Rxd1 Bd5 33.c4  1-0

[Event "Gibraltar Masters"]
[Site "Catalan Bay ENG"]
[Date "2003.01.28"]
[Round "1"]
[White "Hamdouchi,H"]
[Black "Zak,Uri1"]
[Result "1-0"]
[WhiteElo "2615"]
[BlackElo "2341"]

1.e4 c5 2.Nc3 Nc6 3.Bb5 Nd4 4.Bc4 g6 5.Nf3 Bg7 6.O-O d6 7.Nxd4 cxd4 8.Ne2 Nf6
9.d3 Nd7 10.a4 O-O 11.f4 Nb6 12.Bb3 e6 13.Qe1 Nd7 14.Qf2 Qb6 15.f5 exf5 16.exf5 gxf5
17.Ng3 Ne5 18.Nh5 Ng6 19.Nxg7 Kxg7 20.a5 Qc5 21.Bc4 Kg8 22.b4 Qe5 23.Bh6 Be6
24.Rae1 Qf6 25.Bxf8 Rxf8 26.Qf3 Ne5 27.Qxb7 Bxc4 28.dxc4 d3 29.cxd3 Nxd3
30.Qe7 Qd4+ 31.Qe3 Qxc4 32.Qg5+ Kh8 33.Qf6+ Kg8 34.Rxf5  1-0

[Event "Gibraltar Masters"]
[Site "Catalan Bay ENG"]
[Date "2003.01.30"]
[Round "3"]
[White "Hamdouchi,H"]
[Black "Ledger,S"]
[Result "1-0"]
[WhiteElo "2615"]
[BlackElo "2172"]

1.e4 c5 2.Nc3 Nc6 3.Bb5 Nd4 4.Bc4 e6 5.Nf3 Nf6 6.O-O a6 7.d3 b5 8.Bb3 Nxb3
9.axb3 Bb7 10.e5 Nd5 11.Ne4 f5 12.exf6 Nxf6 13.Nfg5 h6 14.Nh3 d5 15.Nxf6+ Qxf6
16.Re1 Bd6 17.Qg4 e5 18.Qh5+ Qf7 19.Qxf7+ Kxf7 20.f3 c4 21.bxc4 bxc4 22.dxc4 Rhc8
23.b3 dxc4 24.Ba3 Bxa3 25.Rxa3 cxb3 26.cxb3 Rc5 27.Nf2 Rd8 28.b4 Rb5 29.Nd3 Kf6
30.Kf2 Rdd5 31.Rea1 Rd4 32.Ke3 Rc4 33.Ra5 e4 34.Rxb5 axb5 35.Nc5 exf3 36.gxf3 Bd5
37.Ra6+ Ke7 38.Ra7+ Kf8 39.Nd7+ Kg8 40.Nb6 Rxb4 41.Nxd5 Rb2 42.h4 Rh2 43.Ne7+ Kf7
44.Nf5+ Kf6 45.Nxg7 Rxh4 46.Ne8+ Kg6 47.Rg7+ Kf5 48.Rb7 b4 49.Nd6+ Kg6 50.Ne4 Rh1
51.Rxb4 Ra1 52.Rb6+ Kg7 53.Kf4 Ra3 54.Rc6 Rb3 55.Rd6 Ra3 56.Ng3 Ra4+ 57.Ke5 Ra3
58.Nf5+  1-0

[Event "Gibraltar Masters"]
[Site "Catalan Bay ENG"]
[Date "2003.01.31"]
[Round "4"]
[White "Tissir,M"]
[Black "Cramling,P"]
[Result "1/2-1/2"]
[WhiteElo "2366"]
[BlackElo "2492"]

1.e4 c5 2.Nc3 Nc6 3.Bb5 Nd4 4.Bc4 g6 5.Nf3 Bg7 6.O-O a6 7.Nxd4 cxd4 8.Ne2 Nf6
9.d3 d5 10.exd5 Nxd5 11.Nf4 Nb6 12.Bb3 O-O 13.Qf3 Nd7 14.a3 Nc5 15.Ba2 e5
16.b4 Na4 17.Nh3 Nc3 18.Bb3 Qe8 19.Re1 a5 20.bxa5 Bd7 21.a4 Bc6 22.Qg3 Qd7
23.Qh4 h5 24.Qg3 Bd5 25.Ng5 Rxa5 26.Bd2 Rc5 27.Bxc3 Rxc3 28.Ne4 Rc6 29.Nd2 Bxb3
30.cxb3 Rc3 31.b4 Qg4 32.Nc4 Qxg3 33.hxg3 Rxd3 34.Nxe5 Rb3 35.b5 Rd8 36.Nc4 d3
37.Ra2 Rc3 38.Ne3 Bd4 39.Rd1 Rd6 40.a5 Kh7 41.Kf1 Bxe3 42.fxe3 Rc2 43.Ra4 g5
44.a6 Rf6+ 45.Kg1 bxa6 46.bxa6 Rff2 47.a7 Rxg2+ 48.Kh1 Rh2+ 49.Kg1 Rcg2+
50.Kf1 Rf2+ 51.Kg1  1/2-1/2

[Event "Gibraltar Masters"]
[Site "Catalan Bay ENG"]
[Date "2003.02.01"]
[Round "5"]
[White "Tiviakov,S"]
[Black "Ledger,S"]
[Result "1-0"]
[WhiteElo "2635"]
[BlackElo "2172"]

1.e4 c5 2.Nc3 Nc6 3.Nf3 e5 4.Bc4 d6 5.d3 Be7 6.O-O Nf6 7.Ng5 O-O 8.f4 h6
9.Nf3 exf4 10.Bxf4 Be6 11.Nd5 Bxd5 12.exd5 Nb4 13.Bd2 Nbxd5 14.Nh4 Nb6 15.Nf5 d5
16.Qe1 dxc4 17.Nxe7+ Kh7 18.Rxf6 gxf6 19.Qe4+ Kh8 20.Bc3 Qd6 21.Nf5  1-0

[Event "Jose Marti Memorial"]
[Site "Las Tunas CUB"]
[Date "2003.02.01"]
[Round "7"]
[White "Tineo,F"]
[Black "Rosabal,Y"]
[Result "0-1"]
[WhiteElo "2144"]
[BlackElo "2339"]

1.e4 c5 2.Nf3 Nc6 3.Nc3 d6 4.d4 cxd4 5.Nxd4 Nf6 6.Be2 e5 7.Nb3 Be7 8.g4 Be6
9.g5 Nd7 10.Rg1 O-O 11.h4 a5 12.Be3 a4 13.Nd2 a3 14.b3 Qa5 15.Ndb1 Nc5 16.Bd2 Qd8
17.Be3 Nb4 18.Nd5 Bxd5 19.exd5 f5 20.Bxc5 dxc5 21.c3 Na6 22.Nxa3 Nc7 23.Nb5 Nxb5
24.Bxb5 Bd6 25.a4 e4 26.Qe2 Bf4 27.Rd1 Qd6 28.Qc4 Kh8 29.h5 Rac8 30.Kf1 Rc7
31.a5 Ra8 32.Ra1 Qe7 33.a6 Bd6 34.Ra4 Rf8 35.axb7 Rxb7 36.Ra6 Ra7 37.Bc6 Rxa6
38.Qxa6 e3 39.Qc4 Qe5 40.Qd3 exf2 41.Kxf2 Qf4+ 42.Qf3 Qd2+ 43.Kf1 Rf7 44.Rg2 Qc1+
45.Ke2 Re7+ 46.Kd3 Qb1+ 47.Rc2 f4 48.Qg4  0-1

[Event "Gibraltar Masters"]
[Site "Catalan Bay ENG"]
[Date "2003.02.02"]
[Round "6"]
[White "Reinderman,D"]
[Black "Shaw,J"]
[Result "1-0"]
[WhiteElo "2506"]
[BlackElo "2470"]

1.e4 c5 2.Nc3 Nc6 3.Nge2 e5 4.Nd5 Nce7 5.Nec3 Nxd5 6.Nxd5 Nf6 7.Bc4 Be7 8.d3 d6
9.O-O O-O 10.Nxe7+ Qxe7 11.Bg5 h6 12.Bh4 Be6 13.Re1 Rab8 14.c3 Bxc4 15.dxc4 g5
16.Bg3 Qe6 17.Qe2 Nxe4 18.Qxe4 f5 19.Qd3 f4 20.Rad1 Rf6 21.f3 fxg3 22.hxg3 Kg7
23.Re4 a6 24.b4 Rc8 25.Qe2 b6 26.f4 gxf4 27.gxf4 Re8 28.bxc5 bxc5 29.Rxd6 Qxd6
30.fxe5 Rxe5 31.Rxe5 Rf7 32.Qg4+ Kh7 33.Qe4+ Kg7 34.Qe3 Rb7 35.Qxc5 Rb1+
36.Kh2 Qxc5 37.Rxc5 Rc1 38.Rc7+ Kf6 39.Rc6+ Kg5 40.Rxa6 Rxc3 41.Ra5+ Kg4
42.c5 Kf4 43.Rb5 Ke4 44.a4 Rc4 45.a5 Kd5 46.Rb6 Rxc5 47.Rxh6 Ke4 48.Rh4+ Ke3
49.Ra4 Rc7 50.a6 Rh7+ 51.Kg3 Rg7+ 52.Kh4  1-0

[Event "GMA"]
[Site "Bermuda BER"]
[Date "2003.02.03"]
[Round "9"]
[White "Movsesian,S"]
[Black "Shabalov,A"]
[Result "0-1"]
[WhiteElo "2663"]
[BlackElo "2613"]

1.e4 c5 2.Nf3 Nc6 3.Nc3 d6 4.d4 cxd4 5.Nxd4 Nf6 6.f3 e5 7.Nb3 Be7 8.Be3 Be6
9.Nd5 Bxd5 10.exd5 Nb4 11.c4 a5 12.Qd2 b6 13.Nc1 O-O 14.Be2 Na6 15.O-O Nc5
16.b3 Nfd7 17.a3 f5 18.Rb1 f4 19.Bf2 e4 20.Bd4 Bf6 21.b4 e3 22.Qd1 axb4 23.axb4 Na4
24.Nb3 Nc3 25.Bxc3 Bxc3 26.Nd4 Qh4 27.Ne6 Rf6 28.Qc2 Be5 29.Bd3 Rh6 30.h3 Qg3
31.Bf5 Nf6 32.Nc7 Rf8 33.c5 dxc5 34.bxc5 Bxc7 35.d6 Bb8 36.Rxb6 Nd5 37.Rb7 Bxd6
38.cxd6 Rxd6 39.Bxh7+ Kh8 40.Bd3 Rfd8 41.Rb5 Qh4 42.Qc4 Nf6 43.Rb3 Rd4 44.Qa6 Nd5
45.Qa5 Nf6 46.Qa6 Qg5 47.Rfb1 Qd5 48.Rb5 Qd7 49.Bf5 Qe8 50.Kh2 e2 51.Re1 Rd2
52.Rb4 Qe3 53.Qb6 Qxb6 54.Rxb6 Nd5 55.Rb3 Ne3 56.Bg6 R2d6 57.Be4 Rd1 58.Rb1 Rxb1
59.Rxb1 Nd1  0-1

[Event "II Marcelo Salado Cup Gp A"]
[Site "Santa Clara CUB"]
[Date "2003.02.03"]
[Round "1"]
[White "Ruiz,O"]
[Black "Garcia Gomez,R"]
[Result "1-0"]
[WhiteElo "2216"]
[BlackElo "2198"]

1.e4 c5 2.Nc3 Nc6 3.Bb5 Nd4 4.Bc4 e6 5.Nf3 Nf6 6.O-O b5 7.Nxb5 Nxb5 8.Bxb5 Nxe4
9.Re1 Bb7 10.Ne5 Bd6 11.d4 O-O 12.Be3 cxd4 13.Qxd4 Qa5 14.a4 Bxe5 15.Qxe5 a6
16.b4 Qxb4 17.Bd3 f6 18.Qc7 Bc6 19.Reb1 Qe7 20.Bxe4 Bxe4 21.Bc5 Qd8 22.Qf4 d6
23.Bb6  1-0

[Event "3rd IM"]
[Site "Griesheim GER"]
[Date "2003.02.06"]
[Round "9"]
[White "Wegerle,J"]
[Black "Solonar,S"]
[Result "1/2-1/2"]
[WhiteElo "2365"]
[BlackElo "2380"]

1.e4 c5 2.Nf3 Nc6 3.Nc3 e5 4.Bc4 Be7 5.d3 Nf6 6.Nd2 O-O 7.Nf1 d6 8.Ne3 Nd4
9.a4 g6 10.O-O Nh5 11.Ned5 Bg5 12.Be3 Kh8 13.Qd2 Ne6 14.Ne2 Bxe3 15.fxe3 Bd7
16.Rf2 f5 17.exf5 gxf5 18.d4 Qh4 19.Bd3 cxd4 20.Bxf5 Ng5 21.Raf1 Rxf5 22.Rxf5 Bxf5
23.Rxf5 Qg4 24.Nxd4 exd4 25.Qxd4+ Qxd4 26.exd4 h6 27.g4 Ng7 28.Rf6 Kh7 29.Rxd6 Nf3+
30.Kg2 Ne1+ 31.Kg3 Nxc2 32.Nf6+ Kh8 33.Ne4 Kh7 34.Nf6+ Kh8 35.Ne4 Kh7 36.Nf6+  1/2-1/2

[Event "11th Aosta Open"]
[Site "Saint Vincent ITA"]
[Date "2003.02.08"]
[Round "1"]
[White "Mitkov,N"]
[Black "Scharrer,P"]
[Result "1-0"]
[WhiteElo "2534"]
[BlackElo "2148"]

1.e4 c5 2.Nc3 Nc6 3.Bb5 Nd4 4.Ba4 g6 5.Nf3 Bg7 6.O-O e6 7.Nxd4 cxd4 8.Nb5 Qb6
9.c3 d3 10.Qf3 a6 11.Na3 Qd6 12.Nc4 Qc7 13.Qxd3 b5 14.Nd6+ Ke7 15.Nxc8+ Rxc8
16.Bc2 Nh6 17.Qh3 f6 18.d4 Nf7 19.Bd2 h5 20.a4 Bh6 21.f4 g5 22.e5 f5 23.axb5 axb5
24.Bxf5 exf5 25.fxg5 Bg7 26.Qxf5 Rcf8 27.g6 Nd8 28.Bg5+ Ke8 29.Qe4 Rxf1+
30.Kxf1 Rf8+ 31.Kg1 Qc4 32.h4 d5 33.exd6+ Qe6 34.d7+ Kxd7 35.Ra7+  1-0